000 00366nam a2200157 i 4500
001 bg
100 1 _aKIEFFER, R.
245 0 _aSondermetalle /
_cR. Kieffer, G. Jangg, P. Elfmayer.
260 _aNew York,
_c1971.
700 1 _aJANGG, G.
700 1 _aELFMAYER, P.
040 _cBPK
041 _apol
942 _cKS
008 s pl f |000 0 pol
999 _c14628
_d14628
856 _uhttp://koha.tu.koszalin.pl/cgi-bin/koha/opac-detail.pl?biblionumber=14628
_yKatalog online BPK